| 000 | 00569nam a22001937a 4500 | ||
|---|---|---|---|
| 003 | OSt | ||
| 005 | 20140310182023.0 | ||
| 008 | 130801t xxu||||| |||| 00| 0 eng d | ||
| 020 | _a9716590431 | ||
| 050 |
_aPZ 7 _b.G615 1995 |
||
| 082 |
_aFIL 808.899282 _bC969 1996 |
||
| 100 | _aCustodio, R. M. | ||
| 245 |
_aGoing to the forest : _bfun and activity. / _cR. M. Custodio. |
||
| 260 |
_aManila, Philippines : _bBasic Media Systems Inc, _cc1995. |
||
| 300 |
_a40 p. : _bill. ; _c26 cm. |
||
| 650 |
_aForest _xactivity book |
||
| 942 |
_2lcc _cBK |
||
| 999 |
_c8393 _d8393 |
||